00473nam a2200181 a 4500001001300000003000900013005001700022008004100039020002300080082001300103100001900116245003300135260004700168300000900215500003500224650001300259700001900272nice12345678IN_TiNIC20260116015005.0080730s1983 nasa grp 000 0 eng  a0840735014 c10000a200bMCD aMcdowell, Josh aHandbook of Todays Religions aNashvillebThomas Nelson Publishers c1983 a567p aincludes index and biblioraphy aReligion1 aMcdowell, Josh